| 000 | 00000nam 2200000zi 4500 |
| 001 | 9.884377 |
| 003 | CaOODSP |
| 005 | 20221107170841 |
| 006 | m o d f |
| 007 | cr |n||||||||| |
| 008 | 200206t20192020quca ob f000 0 fre d |
| 020 | |a9780660339757 |
| 040 | |aCaOODSP|bfre|erda|cCaOODSP |
| 043 | |an-cn--- |
| 086 | 1 |aEn14-92/5-2020F-PDF |
| 245 | 00|aPlan d’action pour les sites contaminés fédéraux (PASCF) : |bdocument d’orientation sur l’évaluation du risque écotoxicologique - module 5 : définition des conditions de fond et utilisation des concentrations de fond. |
| 250 | |aVersion 1.0, mars 2020. |
| 264 | 1|a[Gatineau, Québec] : |bEnvironnement et changement climatique Canada = Environment and Climate Change Canada, |cOctobre 2019. |
| 264 | 4|c©2020 |
| 300 | |a1 ressource en ligne (ix, 25, 5 pages) : |billustrations en couleur |
| 336 | |atexte|btxt|2rdacontent/fre |
| 337 | |ainformatique|bc|2rdamedia/fre |
| 338 | |aressource en ligne|bcr|2rdacarrier/fre |
| 500 | |aPublié aussi en anglais sous le titre : Federal Contaminated Sites Action Plan (FCSAP) : ecological risk assessment guidance - module 5 : defining background conditions and using background concentrations. |
| 500 | |aTitre de la couverture. |
| 504 | |aComprend des références bibliographiques (pages 22-25). |
| 650 | 6|aRisques écotoxicologique|xÉvaluation|zCanada. |
| 650 | 6|aDépôts de déchets dangereux|xAspect de l'environnement|zCanada. |
| 650 | 6|aDépôts de déchets dangereux|xAspect sanitaire|zCanada. |
| 710 | 1 |aCanada. |bEnvironnement et changement climatique Canada, |eorganisme de publication. |
| 775 | 08|tFederal Contaminated Sites Action Plan (FCSAP) : |w(CaOODSP)9.884375 |
| 856 | 40|qPDF|s1.04 Mo|uhttps://publications.gc.ca/collections/collection_2021/eccc/En14-92-5-2020-fra.pdf |